000 00675nam a22001577a 4500
999 _c80393
_d80393
008 201130b ||||| |||| 00| 0 eng d
040 _bger
_cSTAFF
_erda
041 _ager
100 _aHnida, Jan-Henrik:
245 _aSushi, Graupen und Ente zum Mitnehmen:
_bGastronomie: Viele Frankfurter Gastronomen bieten einen Abhol- und Lieferservice wie im ersten Lockdown an... Ein Sushi-Laden hat sogar neu eröffnet/
_cJan-Henrik Hnida
773 _dFrankfurt (Oder): Märkisches Verlags- und Druckhaus GmbH & Co KG
_g31. Jahrgang (2020) Nr. 291 vom 14.12.2020, S. 13.
_tMärkische Oderzeitung
942 _cA